000 00414nam a2200157 4500
001 120455
003 ES-MaACL
005 20230906191545.0
007 t|
008 070214s1926 fr r ||||1| fre d
100 1 _aPoincaré, Lucien.
_992752
245 1 0 _aEducation, science, patrie /
_cLucien Poincaré.
260 _aParis :
_bFlammarion,
_c1926.
300 _a248 p. ;
_c19 cm.
852 _aES-MaACL
_jF-6397
999 _c120455
_d120455